000 00314nam a22001337a 4500
020 _a978-81-8477-492-4
082 _a500
_bBAS/M
100 _aBIMAN BASU
245 _aMASTERING SCIENCE
_bCLASS VII
260 _aDELHI
_bSCHOLASTIC INDIA
_c2014
300 _a231
650 _aSCIENCE FOR CLASS VII
_zINDIA
942 _cBK
999 _c965
_d965